| 000 | 00465nam a2200205Ia 4500 | ||
|---|---|---|---|
| 005 | 20250425161256.0 | ||
| 008 | 250425s9999 xx 000 0 und d | ||
| 041 | _aspa | ||
| 082 | _a629.802 | ||
| 100 | _aARNOLD, PAULINE | ||
| 245 | 0 | _aLA ERA DE LA AUTOMATIZACION | |
| 250 | _aS.E. | ||
| 260 | _aMEXICO | ||
| 260 |
_aMéxico _bLIMUSA _c1965 |
||
| 300 | _a271 | ||
| 650 | _aAUTOMATIZACION | ||
| 700 | _aWHITE, PRECIVAL | ||
| 942 | _c01 | ||
| 010 | _a16674 | ||
| 999 |
_c205941 _d205941 |
||